| 000 | 00431nam a2200169Ia 4500 | ||
|---|---|---|---|
| 008 | 230524s9999 xx 000 0 und d | ||
| 020 | _a9788131728802 | ||
| 082 |
_a530 _bHUC |
||
| 100 | _aChenming Calvin Hu | ||
| 245 | 0 | _aModern Semiconductor Devices For Integrated Circuit | |
| 250 | _aIST | ||
| 260 |
_aNEW DELHI _bPearson _c2009 |
||
| 300 | _aXIV;359 | ||
| 500 | _aQuantity Number: 50 | ||
| 650 | _aPhysics | ||
| 942 | _cBK | ||
| 999 |
_c43993 _d43993 |
||